[Event "Stay Safe Play From Home 199"]
[Site "T#646564Emanuel Laske"]
[Date "2020.06.04"]
[Round "3"]
[White "KLIND"]
[Black "Trotsky"]
[Result "1-0"]
[WhiteElo "1828"]
[BlackElo "1577"]
[Annotator "NA RC"]
[PlyCount "63"]
[EventDate "2020.06.04"]
[EventType "swiss (blitz)"]

1. e4 {[%emt 0:00:01]} c5 {[%emt 0:00:02]} 2. d4 {[%emt 0:00:01]} e6 {[%emt 0:00:00]} 3. dxc5 {[%emt 0:00:01]} Bxc5 {[%emt 0:00:01]} 4. Nc3 {[%emt 0:00:01]} d5 {[%emt 0:00:01]} 5. Nf3 {[%emt 0:00:01]} d4 {[%emt 0:00:02]} 6. Nb5 {[%emt 0:00:02]} Nc6 {[%emt 0:00:04]} 7. Bd3 {[%emt 0:00:01]} a6 {[%emt 0:00:01]} 8. Na3 {[%emt 0:00:01]} Qc7 {[%emt 0:00:02]} 9. Nc4 {[%emt 0:00:02]} Bd6 {[%emt 0:00:01]} 10. Nxd6+ {[%emt 0:00:01]} Qxd6 {[%emt 0:00:01]} 11. O-O {[%emt 0:00:00]} Nf6 {[%emt 0:00:01]} 12. e5 {[%emt 0:00:01]} Nxe5 {[%emt 0:00:02]} 13. Nxe5 {[%emt 0:00:00]} Qxe5 {[%emt 0:00:01]} 14. Re1 {[%emt 0:00:00]} Qd6 {[%emt 0:00:01]} 15. Bg5 {[%emt 0:00:01]} h5 {[%emt 0:00:02]} 16. Be3 {[%emt 0:00:02]} Ng4 {[%emt 0:00:01]} 17. g3 {[%emt 0:00:02]} h4 {[%emt 0:00:01]} 18. Bxd4 {[%emt 0:00:02]} hxg3 {[%emt 0:00:01]} 19. fxg3 {[%emt 0:00:01]} Rxh2 {[%emt 0:00:01]} 20. Qxg4 {[%emt 0:00:05]} Rh8 {[%emt 0:00:10]} 21. Bxg7 {[%emt 0:00:02]} Rg8 {[%emt 0:00:03]} 22. Be5 {[%emt 0:00:00]} Qc5+ {[%emt 0:00:02]} 23. Qd4 {[%emt 0:00:02]} Qe7 {[%emt 0:00:03]} 24. Qc4 {[%emt 0:00:04]} b5 {[%emt 0:00:04]} 25. Qc6+ {[%emt 0:00:01]} Bd7 {[%emt 0:00:01]} 26. Qxa8+ {[%emt 0:00:00]} Qd8 {[%emt 0:00:03]} 27. Qxd8+ {[%emt 0:00:01]} Kxd8 {[%emt 0:00:01]} 28. Bf6+ {[%emt 0:00:02]} Kc7 {[%emt 0:00:01]} 29. Rad1 {[%emt 0:00:01]} Bc6 {[%emt 0:00:02]} 30. Kf2 {[%emt 0:00:01]} Re8 {[%emt 0:00:02]} 31. Be4 {[%emt 0:00:01]} Bxe4 {[%emt 0:00:01]} 32. Rd7+ {[%emt 0:00:00] Âðåìÿ (Lag: Av=0.28s, max=0.7s)} 1-0

[Event "Stay Safe Play From Home 199"]
[Site "T#646564Emanuel Laske"]
[Date "2020.06.04"]
[Round "3"]
[White "Matanant"]
[Black "Haxhi Baha"]
[Result "0-1"]
[WhiteElo "1631"]
[BlackElo "1987"]
[Annotator "TA"]
[PlyCount "78"]
[EventDate "2020.06.04"]
[EventType "swiss (blitz)"]

{[%evp 9,78,3,10,3,4,-12,-14,-48,16,-1,-8,-19,0,12,4,11,1,0,28,29,93,66,92,84,110,120,120,79,66,68,96,81,108,80,118,-270,-252,-257,-220,-691,-684,-1270,-1059,-1105,-1090,-1242,-1230,-1222,-1203,-1661,-1684,-1729,-1695,-29986,-29987,-29987,-29988,-29990,-29987,-29990,-29991,-29993,-29993,-29995,-29992,-29996,-29994,-29993,-5477,-4822,-4814]} 1. b3 d5 2. Bb2 e6 3. e3 c5 4. f4 Nc6 5. Nf3 f6 6. Bb5 {A01: Nimzowitsch-Larsen Opening.} Bd6 7. O-O Nge7 8. Bxc6+ {The position is equal.} bxc6 ({Better is} 8... Nxc6 $15 9. c4 {[#]} d4 $1 {[%mdl 512]}) 9. d3 O-O 10. Nbd2 {[#]} Bb7 $146 ({Predecessor:} 10... Rb8 11. Qe2 a5 12. a4 Qc7 13. g3 e5 14. fxe5 fxe5 15. e4 Ng6 16. Qg2 Ba6 {1-0 (47) Aigner,M (2166)-Bennett,T Dos Hermanas 2003}) 11. Qe2 Ng6 12. g3 e5 13. f5 Ne7 14. e4 d4 (14... a5 $11) 15. Nh4 Bc7 16. g4 a5 17. a4 Ba6 18. Ng2 Rb8 19. Nf3 Nc8 20. Bc1 Nd6 21. Bd2 c4 22. h4 $2 {[%mdl 8192] Now White is beyond hope.} (22. bxc4 $16 Nf7 23. Rfb1) 22... cxd3 $19 {[%mdl 64] [#] Overworked Piece} 23. cxd3 Rxb3 24. g5 $2 (24. Nge1) 24... Bxd3 {[%mdl 64] Double Attack} 25. Qf2 Bxf1 26. Qxf1 Nxe4 27. Qc4+ Qd5 28. Qxd5+ cxd5 29. Rc1 Rxf3 30. Rxc7 Nxd2 31. Ne1 Rf1+ {[%mdl 64] Double Attack} 32. Kg2 Rxe1 33. Ra7 e4 34. Rxa5 Nf3 35. gxf6 gxf6 36. Kg3 Re3 37. Kf4 Ne5 {[%csl Ge4,Ge5][%cal Re3f3]} 38. Rxd5 d3 (38... Nd3+ $142 39. Kg4 Rf3 40. Ra5 Nf4 41. h5 Nd3 42. Kh4 Nf2 43. h6 Rh3#) 39. Kxe3 Nc4+ {Accuracy: White = 49%, Black = 53%.} 0-1

[Event "Stay Safe Play From Home 199"]
[Site "T#646564Emanuel Laske"]
[Date "2020.06.04"]
[Round "3"]
[White "Tobo Rubirosa"]
[Black "Cirovicz"]
[Result "0-1"]
[WhiteElo "1483"]
[BlackElo "1880"]
[Annotator "NA RC"]
[PlyCount "54"]
[EventDate "2020.06.04"]
[EventType "swiss (blitz)"]

1. Nf3 {[%emt 0:00:02]} d6 {[%emt 0:00:01]} 2. d4 {[%emt 0:00:01]} c5 {[%emt 0:00:00]} 3. dxc5 {[%emt 0:00:04]} dxc5 {[%emt 0:00:00]} 4. Qxd8+ {[%emt 0:00:02]} Kxd8 {[%emt 0:00:00]} 5. e4 {[%emt 0:00:02]} f6 {[%emt 0:00:01]} 6. Bc4 {[%emt 0:00:02]} e5 {[%emt 0:00:01]} 7. Bxg8 {[%emt 0:00:03]} Rxg8 {[%emt 0:00:01]} 8. Be3 {[%emt 0:00:01]} g5 {[%emt 0:00:01]} 9. Nc3 {[%emt 0:00:01]} Nc6 {[%emt 0:00:01]} 10. Nd5 {[%emt 0:00:02]} Bg7 {[%emt 0:00:01]} 11. O-O-O {[%emt 0:00:03]} Bd7 {[%emt 0:00:02]} 12. Bxc5 {[%emt 0:00:04]} Kc8 {[%emt 0:00:01]} 13. Be7 {[%emt 0:00:05]} Bf8 {[%emt 0:00:04]} 14. Bxf8 {[%emt 0:00:02]} Rxf8 {[%emt 0:00:01]} 15. Ne7+ {[%emt 0:00:00]} Nxe7 {[%emt 0:00:01]} 16. Rd6 {[%emt 0:00:04]} Nc6 {[%emt 0:00:03]} 17. Rhd1 {[%emt 0:00:01]} Kc7 {[%emt 0:00:00]} 18. h4 {[%emt 0:00:05]} Rad8 {[%emt 0:00:02]} 19. hxg5 {[%emt 0:00:03]} Bg4 {[%emt 0:00:02]} 20. gxf6 {[%emt 0:00:02]} Bxf3 {[%emt 0:00:02]} 21. Rxd8 {[%emt 0:00:02]} Rxd8 {[%emt 0:00:01]} 22. Rxd8 {[%emt 0:00:04]} Kxd8 {[%emt 0:00:01]} 23. f7 {[%emt 0:00:01]} Ke7 {[%emt 0:00:01]} 24. gxf3 {[%emt 0:00:00]} Nd4 {[%emt 0:00:08]} 25. c3 {[%emt 0:00:02]} Nxf3 {[%emt 0:00:02]} 26. Kc2 {[%emt 0:00:00]} Kxf7 {[%emt 0:00:02]} 27. Kb3 {[%emt 0:00:00]} Ng5 {[%emt 0:00:02] Tiempo (Lag: Av=0.94s, max=1.3s)} 0-1

[Event "Stay Safe Play From Home 199"]
[Site "T#646564Emanuel Laske"]
[Date "2020.06.04"]
[Round "3"]
[White "Rk1966"]
[Black "Lamborghini"]
[Result "0-1"]
[WhiteElo "1442"]
[BlackElo "2203"]
[Annotator "NA RC"]
[PlyCount "70"]
[EventDate "2020.06.04"]
[EventType "swiss (blitz)"]

1. e4 {[%emt 0:00:02]} g6 {[%emt 0:00:04]} 2. f3 {[%emt 0:00:01]} Bg7 {[%emt 0:00:00]} 3. d3 {[%emt 0:00:00]} d5 {[%emt 0:00:01]} 4. c3 {[%emt 0:00:00]} e5 {[%emt 0:00:01]} 5. Be3 {[%emt 0:00:02]} Ne7 {[%emt 0:00:01]} 6. Nd2 {[%emt 0:00:01]} b6 {[%emt 0:00:00]} 7. Ne2 {[%emt 0:00:01]} Bb7 {[%emt 0:00:00]} 8. Ng3 {[%emt 0:00:02]} c5 {[%emt 0:00:01]} 9. Be2 {[%emt 0:00:01]} Nbc6 {[%emt 0:00:01]} 10. O-O {[%emt 0:00:01]} O-O {[%emt 0:00:01]} 11. Qc2 {[%emt 0:00:02]} Qd7 {[%emt 0:00:01]} 12. Rf2 {[%emt 0:00:02]} Rac8 {[%emt 0:00:01]} 13. Raf1 {[%emt 0:00:01]} d4 {[%emt 0:00:01]} 14. Nc4 {[%emt 0:00:04]} dxe3 {[%emt 0:00:01]} 15. Nxe3 {[%emt 0:00:01]} Ba6 {[%emt 0:00:03]} 16. f4 {[%emt 0:00:03]} exf4 {[%emt 0:00:01]} 17. Ngf5 {[%emt 0:00:02]} gxf5 {[%emt 0:00:02]} 18. Nxf5 {[%emt 0:00:01]} Nxf5 {[%emt 0:00:01]} 19. exf5 {[%emt 0:00:01]} Be5 {[%emt 0:00:01]} 20. Bf3 {[%emt 0:00:02]} Kh8 {[%emt 0:00:02]} 21. a3 {[%emt 0:00:04]} Bxd3 {[%emt 0:00:01]} 22. Rd1 {[%emt 0:00:03]} c4 {[%emt 0:00:01]} 23. Qd2 {[%emt 0:00:02]} Qd6 {[%emt 0:00:02]} 24. Bxc6 {[%emt 0:00:02]} Rxc6 {[%emt 0:00:01]} 25. Rf3 {[%emt 0:00:01]} Qc5+ {[%emt 0:00:01]} 26. Kh1 {[%emt 0:00:03]} Rg8 {[%emt 0:00:00]} 27. Rh3 {[%emt 0:00:01]} Bf6 {[%emt 0:00:02]} 28. Qe1 {[%emt 0:00:01]} Qxf5 {[%emt 0:00:01]} 29. Qf2 {[%emt 0:00:02]} Re6 {[%emt 0:00:01]} 30. Rg1 {[%emt 0:00:03]} Rge8 {[%emt 0:00:01]} 31. Qf3 {[%emt 0:00:03]} Be4 {[%emt 0:00:01]} 32. Qh5 {[%emt 0:00:02]} Qxh5 {[%emt 0:00:01]} 33. Rxh5 {[%emt 0:00:01]} Bc6 {[%emt 0:00:01]} 34. h4 {[%emt 0:00:01]} Re3 {[%emt 0:00:01]} 35. Rf5 {[%emt 0:00:01]} Rh3# {[%emt 0:00:01] (Lag: Av=0.27s, max=0.6s)} 0-1

[Event "Stay Safe Play From Home 199"]
[Site "T#646564Emanuel Laske"]
[Date "2020.06.04"]
[Round "4"]
[White "MarkonY"]
[Black "Mepe_Nika"]
[Result "1-0"]
[WhiteElo "2291"]
[BlackElo "2300"]
[Annotator "TA"]
[PlyCount "89"]
[EventDate "2020.06.04"]
[EventType "swiss (blitz)"]

{[%evp 20,89,11,0,51,25,67,23,34,3,102,83,118,108,139,133,825,786,784,772,902,900,1380,1368,1367,1367,1439,1447,1940,1224,1186,1132,1926,1497,29982,962,1131,1120,1047,257,242,250,239,240,350,347,364,349,400,408,406,391,579,394,752,448,505,505,1523,634,1844,1552,29981,29982,29988,29989,29990,29991,29991,29992,29994,29990]} 1. d4 d5 2. c4 c6 3. Nc3 Nf6 4. e3 e6 5. Nf3 Nbd7 6. Qc2 Bd6 7. Bd3 dxc4 8. Bxc4 b5 9. Be2 Bb7 10. O-O O-O 11. Rd1 Rc8 {D46: Semi-Slav: 5 e3 Nbd7 6 Bd3, Black avoids the Meran.} ({Better is} 11... Qc7 $11) 12. a3 Qe7 {[#]} 13. b4 $146 (13. e4 $5 {[%cal Re4e5]} Bb8 14. e5 $16) ({Predecessor:} 13. e4 e5 14. dxe5 Nxe5 15. Nd4 Bb8 16. Bg5 Ng6 17. g3 h6 18. Nf5 Qe6 19. Nd4 Qe5 20. Be3 {½-½ (20) Moussa,A (2188)-Lim,Y (2346) Mallorca 2004}) 13... e5 {White has an edge.} 14. Bb2 a5 (14... Rfe8 $11 {keeps the balance.}) 15. bxa5 exd4 16. Nxd4 Qe5 17. Nf3 Qh5 $2 {[%mdl 8192] [#] This costs Black the game.} (17... Qe7 $16) 18. Rxd6 $18 Nc5 19. Rad1 Ne6 20. Nd4 Qg5 21. Nxe6 fxe6 22. Ne4 Nxe4 23. Qxe4 Rf7 24. Rxe6 Rcf8 25. f4 Qh4 26. g3 Qh3 27. Bf1 (27. Re7 $142 Bc8 28. Rxf7 Kxf7 29. Qe5 Qh6 30. Rd6 Qxd6 31. Qxd6 Kg8 32. Qc7) 27... Qh5 28. Red6 c5 29. R6d5 $2 (29. Qe6 {Strongly threatening Rd8.} Bc8 30. R1d5 Bxe6 31. Rxh5) 29... Qxd1 30. Rxd1 Bxe4 31. Bxb5 Kh8 (31... Ra8 $142 32. a6 Rfa7) 32. a6 Rb8 33. a4 Ra7 34. Be5 Rba8 35. Rd6 h6 (35... Bf5 {was called for.} 36. Rd5 Rc8) 36. g4 c4 $2 (36... Kh7 37. Kf2 Rf8) 37. h4 c3 38. Bxc3 {[#] And now Rxh6+ would win.} Bd3 (38... Kh7 $142 39. Bd4 Rc7) 39. Bd4 (39. Bxd3 $142 Kg8 40. Bd4) 39... Bxb5 40. axb5 {[%cal Ba4b5,Bb5a6,Ba6a7][%mdl 32]} Rxa6 41. bxa6 {KRB-KR. White mates.} Rc8 42. a7 Rc1+ 43. Kf2 Rc2+ 44. Kf3 Ra2 45. Ke4 {Accuracy: White = 43%, Black = 11%.} 1-0

[Event "Stay Safe Play From Home 199"]
[Site "T#646564Emanuel Laske"]
[Date "2020.06.04"]
[Round "4"]
[White "Lamborghini"]
[Black "Broken sword"]
[Result "1/2-1/2"]
[WhiteElo "2203"]
[BlackElo "2421"]
[Annotator "TA"]
[PlyCount "137"]
[EventDate "2020.06.04"]
[EventType "swiss (blitz)"]

{[%evp 13,137,53,80,25,30,31,32,35,37,36,52,0,0,0,24,28,58,52,40,19,41,34,70,66,74,69,116,56,55,24,60,36,202,39,33,35,99,-25,354,11,274,13,384,362,358,292,290,0,0,-6,375,389,397,397,379,0,0,-19,31,-184,-177,-289,-261,-355,-358,-364,-247,-229,0,-352,-150,-433,-127,-363,-291,-520,-512,-520,-155,-164,-165,-173,-17,-19,0,0,29,29,29,29,29,29,194,194,247,247,268,236,243,143,244,81,128,0,0,0,0,0,0,0,0,0,0,0,0,0,0,0,0,0,0,0,0,0,0,0]} 1. e4 e6 2. d4 d5 3. Nc3 dxe4 4. Nxe4 Nf6 5. Nxf6+ Qxf6 6. Nf3 h6 7. Bd3 c5 8. dxc5 {C10: French with 3 Nc3: Unusual Black 3rd moves and 3...dxe4.} (8. Be3 $16) 8... Bxc5 $11 9. Qe2 Nc6 10. O-O {White is slightly better.} O-O {[#]} 11. Re1 $146 ({Predecessor:} 11. Qe4 Rd8 12. Bf4 Bd7 13. b4 Bxb4 14. Rab1 a5 15. Rxb4 e5 16. Qh7+ Kf8 17. Be3 axb4 18. Bc5+ {1-0 (18) Graves,P (2082)-Johansen,J (2000) Horsens 2013}) 11... Bd7 12. Be3 (12. Qe4 $14 Qf5 13. Qh4) 12... Bxe3 13. Qxe3 Rfe8 14. c3 Rad8 15. Rad1 $36 {[%mdl 2048] White has good play.} Bc8 16. Bb5 Bd7 17. h3 a6 18. Bd3 Bc8 19. Qe4 g6 20. Qe3 ({Better is} 20. Bxa6 $1 $16 Rxd1 21. Rxd1) 20... Kg7 21. Bc2 b5 22. Be4 Bb7 $2 (22... Rxd1 $14 23. Rxd1 Ne5) 23. Bxc6 $2 (23. Qb6 $1 $18 {[%cal Rb6b7]} Ba8 24. Qxa6 (24. Bxc6 Rxd1 25. Bxe8 Bxf3 $14)) 23... Bxc6 $14 24. Ne5 Bd5 {[#]} ({Black should play} 24... Ba8 $14) 25. a3 (25. Ng4 $1 $16 {[%mdl 512]} Qg5 26. Qd4+ e5 27. Rxe5 Rxe5 28. Qxe5+ Qxe5 29. Nxe5) 25... Rd6 $2 {[%mdl 8192] [#]} (25... Qg5 $11 {and Black has nothing to worry.} 26. Qxg5 hxg5) 26. Rd4 $2 (26. Ng4 $1 $18 {[%mdl 512]} Qd8 27. Qe5+ (27. Nxh6 f5 $11) 27... f6 28. Nxf6 $1 {[%mdl 576] Deflection} Qxf6 29. Qxd6) 26... Red8 $2 {[%mdl 8192]} (26... Qg5 $1 $11 {and Black stays safe.} 27. Qxg5 hxg5) 27. Red1 $2 (27. Rf4 $18 Qg5 28. Rxf7+ Kg8 29. Qxg5 hxg5 30. Ra7) 27... R8d7 $2 {[%mdl 8192] [#]} (27... Qg5 $11 {and Black is okay.} 28. Qxg5 hxg5) 28. Ng4 $1 {[%mdl 512]} Qg5 29. Qxg5 hxg5 {[#]} 30. Ne5 $2 (30. b3 $1 $18 {[%mdl 512]}) 30... Rd8 $11 31. b3 Rc8 $2 {[%mdl 8192]} (31... f6 $11 32. Ng4 e5) 32. c4 $18 bxc4 33. bxc4 f6 34. cxd5 $2 ({White must play} 34. Ng4 $18) 34... fxe5 {[%mdl 4096] Endgame KRR-KRR} 35. Re4 exd5 36. Rd2 $2 (36. Rxe5 $14 {was forced to keep a grip.} d4 37. Rxg5) 36... Kf6 ({Worse is} 36... dxe4 37. Rxd6 Rc1+ 38. Kh2 $11) 37. Re3 (37. f3 $142) 37... d4 38. Rf3+ Ke6 39. Rg3 Kf5 40. Rf3+ {[#]} Ke6 (40... Ke4 $142 $1 41. Rd1 Rdc6) 41. Rg3 $1 $19 Kd5 (41... Rc1+ $19 42. Kh2 Kd5) 42. Rxg5 $2 (42. Rd1 $17) 42... Re8 $2 (42... Rc1+ $19 43. Kh2 Kc4 44. Rxe5 d3) 43. Re2 $2 (43. f4 $17) 43... Ree6 44. f4 $2 (44. Re1 d3 45. Kf1) 44... d3 45. Rd2 {And now fxe5 would win.} Ke4 $2 (45... Kd4 $19 {aiming for ...e4.} 46. fxe5 Rd5) 46. fxe5 $17 Rxe5 47. Rg3 Red5 $2 (47... Rf5 $19 {Hoping for ...g5.} 48. h4 Rf4) 48. Kf2 $1 $11 g5 49. Rf3 Rf5 50. Rxf5 Kxf5 {KR-KR} 51. Ke3 Re6+ $1 52. Kxd3 Rd6+ $2 (52... Kf4 $11 53. Kc4 Kg3) 53. Kc3 $18 Rc6+ (53... Rb6 $142 54. a4 Ke5) 54. Kb4 Re6 55. Rd5+ Kf4 56. Rd3 (56. a4 $18) 56... Re4+ (56... Ke4 $16 {is a better defense.} 57. Rc3 Re5) 57. Kc3 $2 (57. Ka5 $18) 57... Ra4 58. Rd4+ (58. Kb3 $16 Re4 59. a4) 58... Rxd4 $11 {The position is equal.} 59. Kxd4 {K3P-KPP} Kg3 60. Ke5 Kxg2 61. Kf5 Kxh3 {( -> ...g4)} 62. Kxg5 {KP-KP} Kg3 63. Kf5 Kf3 64. Ke5 Ke3 65. Kd5 Kd3 66. Kc5 Kc3 67. Kb6 Kb3 68. Ka5 Kxa3 69. Kxa6 {Accuracy: White = 48%, Black = 44%.} 1/2-1/2

[Event "Stay Safe Play From Home 199"]
[Site "T#646564Emanuel Laske"]
[Date "2020.06.04"]
[Round "4"]
[White "Lazieri3"]
[Black "KLIND"]
[Result "1/2-1/2"]
[WhiteElo "2023"]
[BlackElo "1835"]
[Annotator "TA"]
[PlyCount "134"]
[EventDate "2020.06.04"]
[EventType "swiss (blitz)"]

{[%evp 9,134,31,70,43,56,34,36,6,37,39,41,6,54,69,62,64,61,-8,-9,-51,-52,-51,-40,-60,-38,-73,477,54,383,-170,-173,-216,-201,-225,-156,-273,-201,-197,-204,-216,-216,-218,-175,-209,-7,-6,-8,-8,-8,0,0,0,0,0,0,0,0,0,0,0,0,0,0,0,0,0,0,0,0,0,0,0,0,0,0,0,0,0,0,0,0,0,0,0,0,0,0,0,0,0,0,0,0,0,0,0,0,0,0,0,0,0,0,0,0,0,0,0,0,0,0,0,0,0,0,-29989,29985,-29991,29987,29988,29990,29991,29991,29989,29991,29989,29989]} 1. e4 d5 2. exd5 Qxd5 3. Nc3 Qd8 4. Nf3 Nf6 5. Bc4 g6 6. d4 {B01: Scandinavian Defence.} (6. Ne5 {with more complications.} e6 7. d4 Bg7 8. O-O O-O 9. Bg5) 6... Bg7 7. Be3 O-O {[#]} 8. Qd3 $146 {White is slightly better.} ({Predecessor:} 8. Ne5 Nbd7 9. Qe2 Nb6 10. Bb3 c6 11. h4 Nbd5 12. Nxd5 cxd5 13. h5 a5 14. a4 gxh5 {1-0 (32) Rigo,Z (2397)-Chytilek,R (2390) Slovakia 2009}) 8... Bg4 9. Ne5 Bf5 10. Qd2 Nc6 11. Nxc6 bxc6 12. f3 Nd5 13. Nxd5 (13. O-O-O $14) 13... cxd5 $11 14. Bd3 Bxd3 15. Qxd3 {[#]} c5 $1 {[%mdl 512]} 16. dxc5 Bxb2 17. Rb1 $1 {[%cal Rb1b2]} Ba3 $2 {[%mdl 8192]} (17... Bf6 $17 {and life is bright.}) 18. O-O $2 (18. Qxa3 $18 e5 19. O-O) 18... Qa5 $2 {[%mdl 8192]} (18... d4 $1 $14) 19. Bd4 $4 {[%mdl 8192]} (19. Rb5 $18 Qa4 20. Rb3) 19... Bxc5 $19 20. Bxc5 Qxc5+ 21. Kh1 Rfc8 22. Rb2 (22. Rb5 $17 {is a better defense.} Qxc2 23. Qxd5) 22... Qc4 23. Qxc4 Rxc4 {[%mdl 4096] Endgame KRR-KRR} 24. Rd1 Rac8 25. Rd2 e5 26. Kg1 f5 $2 (26... R8c5 $19 {White must now prevent ...Kg7.} 27. Rb8+ Kg7) 27. Rxd5 $11 Rxc2 28. Rxc2 Rxc2 {KR-KR} 29. Ra5 e4 30. fxe4 fxe4 31. Rxa7 e3 {[%cal Rc2c1]} 32. Kf1 Rf2+ 33. Kg1 $1 Rd2 {[%cal Rd2d1]} (33... h5 {keeps more tension.} 34. Ra3 Rc2 35. Rxe3 Rxa2 36. Kf1 Kg7) 34. Kf1 Rb2 35. Re7 Rxa2 36. Rxe3 Ra1+ 37. Kf2 Ra2+ 38. Kg3 Ra7 39. h3 Rf7 40. Rd3 Rc7 41. Re3 Kg7 42. Rd3 Rc4 43. Re3 h6 44. Rd3 Rc7 45. Rd4 Rb7 46. Rc4 h5 47. Kh2 Re7 48. Rc5 Kh6 49. Rc6 Re2 50. Rb6 h4 51. Rc6 Kh5 52. Rc8 g5 53. Rh8+ Kg6 54. Rg8+ Kf6 55. Rh8 Kg7 (55... Ra2 {seems wilder.} 56. Rb8 Ke5 57. Rb6 Kf4 58. Rb8 Ke5) 56. Ra8 Re6 57. Ra7+ Kf6 58. Ra8 Re5 59. Rf8+ Kg6 60. Ra8 Kf5 61. Rf8+ Kg6 62. Re8 $2 {[%mdl 8192] [#]} (62. Kg1 $11) 62... Kh5 $4 {[%mdl 8192]} (62... Rxe8 {and all is fine.} 63. g4 hxg3+ 64. Kxg3 Kh5 65. h4 gxh4+ 66. Kf4 h3 67. Kg3 Rf8 68. Kxh3 Rg8 69. Kh2 Kh4 70. Kh1 Kg3 71. Kg1 Rf8 72. Kh1 Rf1#) 63. Re6 $4 {[%mdl 8192]} (63. Rxe5 {is the narrow road to win.} Kg6 64. g3 Kf6 65. Rc5 Kg6 66. Re5 Kf6 67. Rb5 Kg6 68. Re5) 63... g4 $4 {[%mdl 8192]} (63... Rxe6 {avoids the disaster.} 64. g4+ hxg3+ 65. Kxg3 Rf6 66. h4 g4 67. Kh2 Kxh4 68. Kg2 g3 69. Kh1 Kh3 70. Kg1 Rf2 71. Kh1 Rf1#) 64. Rxe5+ {White mates.} Kh6 65. hxg4 Kg6 66. Rh5 Kg7 67. Rxh4 Kg6 {[%mdl 32768] Never resign too early! Accuracy: White = 69%, Black = 69%. . An unexpected result.} 1/2-1/2

[Event "Stay Safe Play From Home 199"]
[Site "T#646564Emanuel Laske"]
[Date "2020.06.04"]
[Round "4"]
[White "Haxhi Baha"]
[Black "Weltszmerc"]
[Result "1-0"]
[WhiteElo "1991"]
[BlackElo "2109"]
[Annotator "TA"]
[PlyCount "91"]
[EventDate "2020.06.04"]
[EventType "swiss (blitz)"]

{[%evp 16,90,28,0,50,-21,0,0,54,29,32,12,75,39,46,-31,120,134,119,20,168,178,160,70,176,158,1210,1200,1400,1393,1382,1344,1279,1075,1733,1716,1654,1535,29985,1535,2129,1572,1710,1725,1680,1664,29989,1625,1777,1746,1699,1657,1897,1854,1853,1522,29980,29981,29966,29941,29991,29989,29993,29994,29994,29994,29994,29992,29992,0,29994,29987,29993,29990,29999,29989,29999]} 1. e4 Nf6 2. e5 Nd5 3. c4 Nb6 4. d4 d6 5. exd6 cxd6 6. Nc3 g6 7. Nf3 Bg7 8. h3 O-O 9. Be3 e5 {B04: Alekhine's Defence: 4 Nf3.} 10. d5 {[#]} (10. dxe5 $14 dxe5 11. c5) 10... N6d7 $146 ({Predecessor:} 10... N8d7 11. Qd2 Qe7 12. Rd1 e4 13. Nd4 Ne5 14. b3 f5 15. Bg5 Bf6 16. Bxf6 Rxf6 17. Qg5 {1-0 (44) Garcia Cortes Loriente,M-Rodriguez Izquierdo,B Valladolid 1990}) 11. Be2 b6 (11... f5 $11) 12. Qd2 f5 {Hoping for ...f4.} 13. Bh6 Nc5 (13... Nf6 $11) 14. Bxg7 Kxg7 15. O-O-O (15. b4 $1 $14 Ncd7 16. O-O) 15... e4 $2 (15... Nba6 $15 {keeps the upper hand.}) 16. Nd4 $36 {[%mdl 2048] Black is under strong pressure.} Qf6 17. h4 (17. f3 $16) 17... Nbd7 (17... Nd3+ $1 $11 18. Bxd3 Qxd4) 18. h5 $18 g5 {[#]} 19. h6+ ({Better is} 19. Ne6+ $1 $16 {[%mdl 512]} Nxe6 20. dxe6 Qxe6 21. Qxg5+ Kh8 22. Nb5) 19... Kg8 ({Black should play} 19... Kh8 $1 $14) 20. Rh5 g4 $2 (20... Ne5 $16) 21. Rxf5 Qg6 22. Rg5 {[%mdl 64] Double Attack} Ne5 23. Rxg6+ Nxg6 {[#]} 24. Ne6 $1 Nxe6 25. dxe6 Bxe6 26. Qxd6 Bf5 27. Nd5 (27. Qd5+ $142 Rf7 28. Qxa8+ Nf8 29. Nxe4 Bd7 30. Qd8 $1 {[%mdl 512]} Bf5 31. Qg5+ Bg6 32. Rd8 $1 {[%mdl 512]}) 27... Rf7 28. f3 exf3 29. gxf3 g3 30. Rg1 Re8 31. Bd1 (31. Nf6+ $142 Kh8 32. Nxe8 Bd7 33. Nf6 Bg4 34. Rxg3 Rf8 {[#]} 35. Qc7 $1 {[%mdl 512]} Bd7 36. Qxd7 Ne7 37. Qxe7 {[%mdl 64] Double Attack} Rc8 38. Qxh7#) 31... Re6 32. Qd8+ Rf8 33. Qg5 b5 34. Rxg3 bxc4 35. Nf4 Rd6 36. Nxg6 Rxg6 37. Qh4 Rxg3 38. Qxg3+ Bg6 {[#]} 39. Qc7 $1 {[%csl Gh6][%cal Rc7g7]} Rf7 40. Qd8+ Rf8 41. Qe7 {[%csl Gh6][%cal Re7g7]} Rf7 42. Qd8+ Rf8 43. Qd4 {[%csl Gh6][%cal Rd4g7] White mates.} Rf7 44. Be2 Kf8 45. Bxc4 {[%cal Rd4d8]} Re7 46. Qh8# {Accuracy: White = 38%, Black = 31%.} 1-0

[Event "Stay Safe Play From Home 199"]
[Site "T#646564Emanuel Laske"]
[Date "2020.06.04"]
[Round "4"]
[White "Castlingarrocco"]
[Black "Chesstiger9"]
[Result "1-0"]
[WhiteElo "1971"]
[BlackElo "1964"]
[Annotator "TA"]
[PlyCount "65"]
[EventDate "2020.06.04"]
[EventType "swiss (blitz)"]

{[%evp 9,65,29,30,34,39,39,39,8,49,35,89,21,82,55,67,24,56,53,59,33,79,56,76,58,77,69,58,38,37,35,90,61,85,86,285,233,234,-105,0,0,226,166,231,208,512,516,639,528,878,873,1191,748,731,731,702,631,688,620]} 1. Nc3 Nf6 2. e4 e5 3. g3 Nc6 4. Bg2 g6 5. Nge2 Bg7 6. O-O {C26: Vienna Game: 2...Nf6, sidelines .} O-O 7. d3 d6 8. Be3 {[#] White is slightly better.} Nd7 $146 ({Predecessor:} 8... Bg4 9. h3 Bxe2 10. Nxe2 Nb4 11. Qd2 Nc6 12. Bh6 Bxh6 13. Qxh6 Nb4 14. c3 Nc2 {1-0 (26) Barbaggi,S (1375)-Boudi,K Europe Chess INT 2020}) 9. Qd2 f5 (9... Nd4 $14) 10. f4 (10. exf5 $16 Rxf5 11. f4) 10... a6 (10... Nf6 $11 {keeps the balance.}) 11. Nd5 Ne7 12. c4 c6 13. Nxe7+ Qxe7 14. exf5 gxf5 15. fxe5 Nxe5 16. Bd4 Ng4 17. Bxg7 Qxg7 18. Nf4 Qd4+ 19. Kh1 Ne3 (19... Bd7 $14) 20. Qf2 {And now Rfe1 would win.} Re8 21. Rfe1 {Re2 is the strong threat.} Qc5 $2 (21... Bd7 $16) 22. d4 Qxd4 {[#]} 23. Ne2 $2 ({White should try} 23. Rad1 $3 $18 {[%mdl 512]} Qxd1 24. Rxd1 Nxd1 25. Qd2 {[%mdl 64] Double Attack}) 23... Qe5 $2 {[%mdl 8192]} (23... Qxb2 $17 {keeps the pressure on.} 24. Rab1 Ng4) 24. Nf4 $18 Qd4 $1 25. Re2 {Strongly threatening Rae1.} Bd7 (25... Re5 $142) 26. Rae1 {[%cal Re2e3]} c5 $2 {[#]} (26... Re5 {is more resistant.}) 27. Rxe3 {White is clearly winning.} Rxe3 28. Qxe3 Re8 29. Bd5+ Kh8 30. Qxd4+ cxd4 31. Rxe8+ Bxe8 32. Kg2 Bd7 33. Kf3 {Accuracy: White = 52%, Black = 31%.} 1-0